The Walking Dead: Every Member of Rick's Group Quiz Stats

 Plays Quiz not verified by Sporcle

Challenge
Share
Tweet
Embed
Score 0/59 Timer 20:00
0 Plays Today
Season Joined Name % Correct
1Carl Grimes
100%
1Lori Grimes
98.8%
2Maggie Rhee
97.7%
1Shane Walsh
97.1%
2Hershel Greene
97.1%
1Glenn Rhee
96.5%
1Carol Peletier
96.5%
1Daryl Dixon
95.9%
1Andrea
95.3%
1Merle Dixon
95.3%
2Beth Greene
94.7%
3Sasha Williams
94.2%
1Rick Grimes
93.6%
1Ed Peletier
92.4%
3Tyreese Williams
92.4%
4Abraham Ford
92.4%
1Amy
91.8%
1Sophia Peletier
90.6%
4Rosita Espinosa
89.5%
4Eugene Porter
89.5%
1Dale Horvath
88.9%
1Jim
87.7%
3Michonne
87.1%
2Otis
86.5%
4Tara Chambler
86%
1Jacqui
85.4%
1Theodore 'T-Dog' Douglas
84.8%
5Spencer Monroe
84.2%
5Deanna Monroe
83.6%
3Judith Grimes
83.6%
Season Joined Name % Correct
4Bob Stookey
83%
5Jessie Anderson
82.5%
5Sam Anderson
82.5%
3Axel
81.9%
7Paul 'Jesus' Rovia
81.9%
2Jimmy
80.7%
1Miranda Morales
80.1%
5Ron Anderson
80.1%
1Morales
79.5%
1Louis Morales
79.5%
1Eliza Morales
79.5%
5Aaron
79.5%
6Morgan Jones
79.5%
5Pete Anderson
78.4%
4Lizzie Samuels
77.2%
5Reg Monroe
77.2%
5Father Gabriel Stokes
76.6%
5Aiden Monroe
76%
4Mika Samuels
75.4%
5Eric Raleigh
71.3%
5Olivia
70.8%
5Noah
70.2%
3Oscar
68.4%
5Denise Cloyd
66.7%
5Enid
63.7%
5Nicholas
60.2%
4Karen
58.5%
5Heath
57.3%
8Siddiq
43.8%

You're not logged in!

Compare scores with friends on all Sporcle quizzes.
OR
Log In

You Might Also Like...

Show Comments

Extras

Top Quizzes Today


Score Distribution

Your Account Isn't Verified!

In order to create a playlist on Sporcle, you need to verify the email address you used during registration. Go to your Sporcle Settings to finish the process.

Report this User

Report this user for behavior that violates our Community Guidelines.

Details: